50 films selon le personnage - Statistiques

Statistiques générales
  • Ce quiz a été pris 129 fois
  • Le résultat moyen est 22 sur 50
Statistiques - réponses
Personnage Film % Correct
Sauron Le Seigneur des anneaux
90%
Godefroy de Montmirail Les visiteurs
88%
Luna Lovegood Harry Potter
73%
Lois Lane Superman
72%
Sarah Connor Terminator
71%
Jean Claude Dusse Les bronzés
70%
Adrian Balboa Rocky
70%
Tony Montana Scarface
68%
Maximus Decimus Meridius Gladiator
67%
Leia Organa Star Wars
64%
Mary Jane Watson Spiderman
61%
Dominic Toretto Fast and furious
60%
Ellen Ripley Alien
58%
Jack Dawson Titanic
57%
Hector Barbossa Pirates des Caraïbes
56%
Vincent Vega Pulp Fiction
55%
Ludovic Cruchot Le gendarme
54%
Hubert Bonisseur de la Bath Oss 117
53%
Le Glaude La soupe aux choux
52%
Ethan Hunt Mission Impossible
52%
Odile Deray La cité de la peur
51%
John Coffee La ligne verte
51%
Kevin Mc Callister Maman j'ai raté l'avion
50%
Norman Bates Psychose
50%
Scarlett O' Hara Autant en emporte le vent
48%
Biff Tannen Retour vers le futur
48%
Tyler Durden Fight Club
43%
Alfred Pennyworth Batman
42%
Mimi Siku Un indien dans la ville
42%
Jack Torrence Shining
39%
Korben Dallas Le cinquième élément
37%
Miss Moneypenny James Bond
35%
Axel Foley Le flic de Beverly Hills
35%
Clarice Starling Le silence des agneaux
35%
Le Mérovingien Matrix
35%
Ian Malcolm Jurassic Park
33%
Demi Lune Indiana Jones
31%
William Wallace Braveheart
30%
Danny Zuko Grease
28%
Andy Dufresne Les évadés
24%
Catherine Tramell Basic Instinct
21%
Frank Abagnale Jr Arrête moi si tu peux
20%
Mini moi Austin Powers
20%
Stanley Ipkiss The Mask
20%
Scott Summers Xmen
20%
Enzo Molinari Le grand bleu
16%
Diana Prince Wonder Woman
15%
Martin Riggs L'arme fatale
13%
Guido Orefice La vie est belle
11%
Elwood Blues The Blues Brothers
9%
Aucun quiz correspondant
Distribution des résultats
% des personnes avec chaque résultat
Percentile par nombre de réponses
Votre historique - résultats
Vous n’avez pas pris ce quiz